Top 10 Największych Miast Polski - Statystyki

Ogólne statystyki
  • Ten quiz został rozwiązany 442 razy
  • Średni wynik to 8 z 10
Statystyki odpowiedzi
Hint Odpowiedź % Poprawnych
1 Warszawa
100%
2 Kraków
97%
4 Gdańsk
92%
6 Poznań
88%
5 Wrocław
86%
3 Łódź
85%
9 Gdynia
80%
7 Szczecin
79%
8 Bydgoszcz
77%
10 Rzeszów
53%
Nie znaleziono quizów pasujących do podanych kryteriów
Rozkład punktacji
Procent ludzi z każdym wynikiem
Percentyl według liczby udzielonych odpowiedzi
Twoja historia wyników
Nie rozwiązałeś tego quizu